000 00936nam0a22002171i 4500
001 rc\346630
005 20240723195639.0
035 _a(NLR Aleph) 005589861
090 _a6200955
_c6200955
100 _a20030307d1989 u |0rusy50 ca
101 0 _arus
102 _aRU
105 _ay |||||||||
200 1 _aСовместная деятельность педагогов и молодежных организаций в воспитании учащихся
_e(На материале Сирийск. Араб. Респ. с учетом опыта сов. шк.)
_eАвтореф. дис. на соиск. учен. степ. канд. пед. наук
_e(13.00.01)
_fАПН СССР, НИИ общ. пробл. воспитания
210 _aМ.
_d1989
215 _a16 с.
700 1 _aКурие
_bХ.А.
_gХабиб Афрем
801 0 _aRU
_bNLR
_gpsbo
801 1 _aRU
_bELAR
_2rusmarc
852 _aNLR
_jА89/4933
942 _cBOOK